| 000 | 00352nam a2200145Ia 4500 | ||
|---|---|---|---|
| 008 | 240307s9999||||xx |||||||||||||| ||und|| | ||
| 020 | _a9789388756723 | ||
| 082 |
_a615.1 _bMay/P |
||
| 100 | _aKulshrestha,Mayank | ||
| 245 | 0 | _aPharmacology-3 | |
| 250 | _a1st Edition | ||
| 260 |
_aAgra _bR.Narain Pub & Distributors |
||
| 300 | _a224p. | ||
| 942 | _cBK | ||
| 999 |
_c43159 _d43159 |
||